000 00391nam a2200157Ia 4500
005 20240921143605.0
008 240921s9999||||xx |||||||||||||| ||und||
041 _aENGLISH
082 _A658.4034 N6
100 _aVenkatakrishnan S Dharani
245 0 _aOperations Research
250 _a5th
260 _c1996
_bKeerthi,Coimb
650 _aManagement
_bManagement Studies
942 _cBB
999 _c247953
_d247953